00276nam a22000977a 4500020001800000082001600018100002500034245007500059260003500134300000900169 a9787510452130 a307-76bCHU aXie Chuntao (Editor) aChina's urbanization: migration by the millionscedited by Xie Chuntao aBeijingbNew World Pressc2014 a236p